History Quiz

Random History or Clickable Quiz

Did this occur in the 18th Century? Quiz Stats

 Plays Quiz not verified by Sporcle

Challenge
Share
Tweet
Embed
Score 0/20 Timer 05:00
0 Plays Today
% Correct
American Revolution
93.9%
French Revolution
93.6%
Death of Louis XIV
89.5%
James Cook lands in Australia
85.8%
Seven Years War
84.8%
John Adams becomes US President
84.5%
Act of Union creates Kingdom of Great Britain
82.1%
Articles of Confederation
79.7%
War of the Spanish Succession
78.4%
Peter the Great founds St Petersburg
78%
% Correct
Discovery of Uranus as a planet
74.7%
Sweden adopts Gregorian Calendar
74.3%
Creation of Methodism
73.6%
Vivaldi composes Four Seasons
73.3%
Vermont admitted to USA
73.3%
Jenner administers first Smallpox vaccine
66.2%
Dutch East India Company dissolved
64.5%
Construction completed on Brandenburg Gate
64.5%
Freetown founded by former slaves
61.5%
Discovery of Rosetta Stone
58.4%

You're not logged in!

Compare scores with friends on all Sporcle quizzes.
Join for Free
OR
Log In

You Might Also Like...

Show Comments

Extras

Top Quizzes Today


Score Distribution

Your Account Isn't Verified!

In order to create a playlist on Sporcle, you need to verify the email address you used during registration. Go to your Sporcle Settings to finish the process.

Report this User

Report this user for behavior that violates our Community Guidelines.

Details: